| 000 | 01402nam a2200337 a 4500 | ||
|---|---|---|---|
| 001 | ebr10392147 | ||
| 003 | CaPaEBR | ||
| 006 | m u | ||
| 007 | cr cn||||||||| | ||
| 008 | 090812s2010 enka sb 001 0 eng | ||
| 010 | _z 2009031152 | ||
| 020 | _z9780754670513 (hardback : alk. paper) | ||
| 020 | _z9780754681267 (e-book) | ||
| 040 |
_aCaPaEBR _cCaPaEBR |
||
| 035 | _a(OCoLC)659549816 | ||
| 050 | 1 | 4 |
_aHE9778 _b.G37 2010eb |
| 082 | 0 | 4 |
_a387.7/42011 _222 |
| 100 | 1 | _aGarrow, Laurie A. | |
| 245 | 1 | 0 |
_aDiscrete choice modelling and air travel demand _h[electronic resource] : _btheory and applications / _cLaurie A. Garrow. |
| 260 |
_aFarnham, Surrey ; _aBurlington, Vt. : _bAshgate, _cc2010. |
||
| 300 |
_axx, 286 p. : _bill. |
||
| 504 | _aIncludes bibliographical references and indexes. | ||
| 533 |
_aElectronic reproduction. _bPalo Alto, Calif. : _cebrary, _d2010. _nAvailable via World Wide Web. _nAccess may be limited to ebrary affiliated libraries. |
||
| 650 | 0 |
_aAeronautics, Commercial _xPassenger traffic _xMathematical models. |
|
| 650 | 0 |
_aScheduling _xMathematics. |
|
| 650 | 0 |
_aDemand (Economic theory) _xMathematical models. |
|
| 650 | 0 | _aDiscrete-time systems. | |
| 655 | 7 |
_aElectronic books. _2local |
|
| 710 | 2 | _aebrary, Inc. | |
| 856 | 4 | 0 |
_uhttp://site.ebrary.com/lib/rucke/Doc?id=10392147 _zAn electronic book accessible through the World Wide Web; click to view |
| 999 |
_c90300 _d90300 |
||